Konkurencieschopnosť Slovenska meraná indexom globálnej konkurencieschopnosti

Hodnotenie konkurencieschopnosti Slovenska na základe indexu globálnej konkurencieschopnosti. Napriek zlepšeniu pozície nemožno hodnotiť postavenie Slovenska veľmi pozitívne, najmä z pohľadu konkurencieschopnosti podnikateľského prostredia spomedzi krajín EÚ.

Guardado en:
Detalles Bibliográficos
Autor principal: Kalusová, Lenka, 1987-
Formato: Capítulo de libro
Lenguaje:eslovaco
Materias:
Etiquetas: Agregar Etiqueta
Sin Etiquetas, Sea el primero en etiquetar este registro!

MARC

LEADER 00000nla a2200000 4500
001 0240369
005 20240502073914.8
041 0 |a slo 
044 |a SK 
245 1 0 |a Konkurencieschopnosť Slovenska meraná indexom globálnej konkurencieschopnosti  |c Lenka Kalusová 
520 |a Hodnotenie konkurencieschopnosti Slovenska na základe indexu globálnej konkurencieschopnosti. Napriek zlepšeniu pozície nemožno hodnotiť postavenie Slovenska veľmi pozitívne, najmä z pohľadu konkurencieschopnosti podnikateľského prostredia spomedzi krajín EÚ. 
610 2 0 |a konkurencieschopnosť 
610 2 0 |a index globalizácie 
610 2 0 |a bariéry konkurenčné 
610 2 0 |a rast hospodársky 
610 2 0 |a prostredie podnikateľské 
610 2 0 |a analýza komparatívna 
100 1 |a Kalusová, Lenka, 1987-